| LDR | | 00000nam c2200205 k 4500 |
| 001 | | 000000286335 |
| 005 | | 20210329142508 |
| 007 | | ta |
| 008 | | 210316s2021 ulk 000a kor |
| 020 | |
▼a 9791191056372
▼g 03320 :
▼c \19800 |
| 040 | |
▼a 248032
▼c 248032
▼d 248032 |
| 041 | 1 |
▼a kor
▼h eng |
| 049 | 0 |
▼l EM104566 |
| 056 | |
▼a 327.04
▼2 4 |
| 090 | |
▼a 327.04
▼b 하66ㄷ |
| 245 | 00 |
▼a 돈의 심리학 :
▼b 당신은 왜 부자가 되지 못했는가 /
▼d 모건 하우절 지음;
▼e 이지연 옮김 |
| 246 | 19 |
▼a Psychology of money :
▼b timeless lessons on wealth, greed, and happiness |
| 250 | |
▼a 초판 |
| 260 | |
▼a 서울 :
▼b 인플루엔셜,
▼c 2021 |
| 300 | |
▼a 393 p. ;
▼c 22 cm |
| 500 | |
▼a 원저자명:Morgan Housel |
| 546 | |
▼a 영어 원작을 한국어로 번역 |
| 653 | |
▼a 돈
▼a 심리학
▼a 재테크
▼a 투자 |
| 700 | 1 |
▼a 하우절, 모건,
▼e 저 |
| 700 | 1 |
▼a 이지연,
▼e 역 |
| 900 | 11 |
▼a Housel, Morgan |
| 950 | 0 |
▼b \19800 |
| 990 | |
▼a 관리자
▼b 관리자
▼b 관리자3
▼b 관리자2 |